Quiz Do Luka Dončić - Statistics

Estatísticas Gerais
  • Esse quiz foi jogado 51 vezes
  • A pontuação média é 7 de 13
Estatísticas das Respostas
Dica Resposta % Correto
Número da sua camisa 77
98%
País de nascimento Eslovenia
90%
Colocação de seu país nas olimpíadas de 2020 4
88%
Com quantos anos ele saiu de seu país para jogar na Espanha 13
85%
Que time de futebol ele torce Real Madrid
85%
Ano de nascimento 1999
78%
Qual time o selecionou no Draft de 2018 Atlanta Hawks
78%
Jogador favorito da NBA LeBron James
58%
Contra que time Luka fez sua estreia Bauru/Suns
23%
Outro jogador de seu país na NBA Dragic/Cancar
23%
Que jogador ficou conhecido por fazer faltas duras em Luka nos playoffs de 2020 Marcus Morris
20%
Nome de um de seus cachorros Hugo ,Vicky ,Gia
8%
Quem é seu ídolo ( jogador europeu ) Vassilis Spanoulis
5%
Nenhum quiz correspondente encontrado
Distribuição das Pontuações
Porcentagem de Pessoas com Cada Pontuação
Percentil de Números Respondidos
Sua Pontuação Histórica
Você não jogou esse quiz